NFL Highest Winning Percentage in the 21st Century - Statistics

General Stats
  • This quiz has been taken 41 times
  • The average score is 9 of 10
Answer Stats
Win % Team Name % Correct
59.2 Eagles
100%
68.7 Patriots
100%
62.3 Packers
97%
63.7 Steelers
97%
53.5 Broncos
91%
56.1 Chiefs
91%
56.8 Saints
88%
54.3 Cowboys
85%
51.9 Vikings
85%
59.6 Colts
79%
No matching quizzes found
Score Distribution
Percent of People with Each Score
Percentile by Number Answered
Your Score History
You have not taken this quiz